000 00623nam a2200205 a 4500
001 000011371
005 20240412074225.0
008 091016s2006 dr 001 0 spa d
020 _a9945416081
040 _aDO-SdBNP
_bspa
_cBNPHU
090 _aRD861.44
_bW373p
100 1 _aWeber, Andrés,
_d1958-
_921790
245 1 3 _aLo propio de mi ser /
_cAndrés Weber.
260 _aSanto Domingo :
_bSomos arte gráficas,
_c2006.
300 _a158 p. ;
_c22 cm.
590 _aInventariado, 2018/LP
650 0 _aPoesía dominicana
_966
650 0 _aLiteratura dominicana.
_967
910 _aValidado. Control de calidad MMOLINA
999 _c11078
_d11078